| 000 | 00453nam a2200181Ia 4500 | ||
|---|---|---|---|
| 001 | 22738 | ||
| 005 | 20260414150851.0 | ||
| 008 | 260414t2013||||xx |||||||||||||| ||spa|| | ||
| 041 | _aESP | ||
| 082 |
_a621.395 _bM86 |
||
| 100 |
_aMano, M. Morris _eAUT |
||
| 245 | 0 |
_aDiseño digital : _bcon una introducción a Verilog HDL |
|
| 260 | _c2013 | ||
| 300 |
_axv, 547 páginas : _c24 cm. |
||
| 650 | _aTCA | ||
| 654 | _aCET | ||
| 942 |
_cLIB _dJUS _fJUS _2ddc _n |
||
| 999 |
_c22738 _d22738 |
||